Missing Word: 'T' Literature Quiz Stats

 Plays Quiz Updated Nov 9, 2018

Challenge
Share
Tweet
Embed
Score 0/20 Timer 03:00
0 Plays Today
Title Missing Word % Correct
And Then ______ Were NoneThere
98.9%
The _______ MusketeersThree
98.5%
A Tale of _____ CitiesTwo
98.4%
The Adventures of ____ SawyerTom
98.1%
Gulliver's ________Travels
96.8%
The Canterbury ______Tales
96.6%
The ______ MachineTime
96.4%
Where the Wild ______ AreThings
93.3%
For Whom the Bell ______Tolls
92.7%
________ IslandTreasure
89.7%
Title Missing Word % Correct
A Game of _______Thrones
87.1%
Go _____ It on the MountainTell
84.6%
__________: Breaking DawnTwilight
84.3%
_______, Tailor, Soldier, SpyTinker
82.1%
______ of CancerTropic
80.2%
______ Eyes were Watching GodTheir
76.9%
The _____ of the ScrewTurn
68.2%
_____ of the D'UrbervillesTess
68.2%
_______ Is the NightTender
44.7%
_______ of the ApesTarzan
32.9%

Today's Daily Dose

Missing Word
TV HA - HZ

Word Ladder
Nordic Capital

On This Day
January 19th II

You're not logged in!

Compare scores with friends on all Sporcle quizzes.
OR
Log In

You Might Also Like...

Show Comments

Extras

Top Quizzes Today


Score Distribution

Your Account Isn't Verified!

In order to create a playlist on Sporcle, you need to verify the email address you used during registration. Go to your Sporcle Settings to finish the process.

Report this User

Report this user for behavior that violates our Community Guidelines.

Details: